[Event "Veneto Province-ch qf 82nd"]
[Site "Ceregnano"]
[Date "2023.05.28"]
[Round "4.9"]
[White "Zaghini, Matteo"]
[Black "Adel, Sarah"]
[Result "1-0"]
[WhiteElo "1590"]
[BlackElo "1350"]
[PlyCount "63"]
[EventDate "2023.05.26"]
[EventType "swiss"]
[EventRounds "5"]
[EventCountry "ITA"]
[SourceTitle "EXT 2024"]
[Source "ChessBase"]
[SourceDate "2023.10.10"]
[SourceVersion "1"]
[SourceVersionDate "2023.10.10"]
[SourceQuality "1"]

1. Nf3 d5 2. b3 c5 3. Bb2 Nc6 4. g3 Bf5 5. d3 e6 6. Bg2 Nf6 7. Nbd2 Qc7 8. 0-0 0-0-0 9. Nh4 Bg6 10. a4 Bd6 11. Nxg6 hxg6 12. e4 Rh7 13. f4 dxe4 14. Nxe4 Nxe4 15. Bxe4 c4 16. bxc4 Qb6+ 17. Kh1 Qxb2 18. Rb1 Qd4 19. Qd2 a6 20. Bxc6 bxc6 21. c3 Qa7 22. Qg2 Kc7 23. d4 Rhh8 24. c5 Be7 25. a5 Kd7 26. Rb6 Qa8 27. Qe2 Qc8 28. Rxa6 Rxh2+ 29. Kxh2 Rh8+ 30. Kg2 Rh7 31. Ra7+ Ke8 32. Qa6 1-0

[Event "Veneto Province-ch qf 82nd"]
[Site "Ceregnano"]
[Date "2023.05.27"]
[Round "2.15"]
[White "Fantinati, Giulio"]
[Black "Zaghini, Matteo"]
[Result "0-1"]
[WhiteElo "1378"]
[BlackElo "1590"]
[PlyCount "114"]
[EventDate "2023.05.26"]
[EventType "swiss"]
[EventRounds "5"]
[EventCountry "ITA"]
[SourceTitle "EXT 2024"]
[Source "ChessBase"]
[SourceDate "2023.10.10"]
[SourceVersion "1"]
[SourceVersionDate "2023.10.10"]
[SourceQuality "1"]

1. e4 c5 2. Nc3 d6 3. d4 cxd4 4. Qxd4 Nc6 5. Qd2 g6 6. b3 Bg7 7. Bb2 Nf6 8. 0-0-0 h5 9. Kb1 Be6 10. Nge2 Rc8 11. f3 a6 12. Nf4 Bh6 13. Nxe6 fxe6 14. Qe1 b5 15. Qg3 Kf7 16. Bd3 e5 17. Qf2 Qc7 18. g4 Bf4 19. gxh5 Rxh5 20. Qg2 Rch8 21. Nd5 Qc8 22. Nxf4 exf4 23. e5 Nxe5 24. Bxe5 Rxe5 25. Qxg6+ Kf8 26. Rdg1 Qh3 27. Bf1 Re1+ 28. Kb2 Qh6 29. Qd3 Qh7 30. Qxh7 Rxh7 31. h4 Nd5 32. c4 Ne3 33. Bd3 Rxg1 34. Rxg1 Rxh4 35. cxb5 axb5 36. Bxb5 Rh2+ 37. Kb1 Nd5 38. Bc4 Nc3+ 39. Kc1 Nxa2+ 40. Kb1 Nc3+ 41. Kc1 Ne2+ 42. Bxe2 Rxe2 43. Rg4 e5 44. Rh4 Re3 45. Rh3 Rxb3 46. Kd2 Kf7 47. Ke2 Ke6 48. Rh6+ Kd5 49. Rh5 Kd4 50. Rh6 Rb2+ 51. Kf1 Ke3 52. Rxd6 Kxf3 53. Rd3+ Kg4 54. Ra3 e4 55. Ra1 Kg3 56. Kg1 f3 57. Kf1 e3 0-1